000 01296nas a2200361 4500
001 BR8705051
003 BR-BrBNA
005 20231205090743.0
007 ta
008 230509b bl.|||p| |||| 00| 00por d
040 _aBR-BrBNA
_bpor
_cBiblioteca Nacional de Agricultura
041 _a(Pt)
072 _aF04; F61
100 1 _aSaraiva, O.F.
100 1 _aCarvalho, M.M. de
100 1 _aOliveira, F.T.T. de
100 1 _aMartins, C.E.
245 1 _aFatores nutricionais limitantes ao crescimento de forrageiras tropicais em dois solos da Zona da Mata, Minas Gerais, 2: podzolico vermelho-amarelo [capim gordura, Melinis minutiflora, centrosema, Centrosema pubescens]
246 1 _aNutritional factors limiting growth of tropical forage species in two soils from Zona da Mata, Minas Gerais, 2: red-yellow podzolic
650 _aCAPIM GORDURA
650 _aCENTROSEMA
650 _aFOSFORO
650 _aENXOFRE
650 _aNITROGENIO
650 _aMOLIBDENIO
650 _aADUBACAO
650 _aCRESCIMENTO
650 _aMINAS GERAIS
650 _aPODZOLICO VERMELHO AMARELO
773 0 _tPesquisa Agropecuaria Brasileira (Brazil)
_xISSN 0100-204X
_g(Jul 1986), v. 21(7) p. 709-714
_wBR8705051
909 _a202311
_bLúcia
_c55
_dLúcia Elande
942 _2AGRIS
_n0
_cANA
999 _c120640
_d120640